00252nam a2200085 a 450000500170000000800410001705000170005824500530007526000380012820140414131916.0101019s19uu xx 00 eng d aERbB11 1998 aBabe, pig in the city :bfriends to the rescue!. aNew York :bRandom House,c1998.